Foundations Of Signal Processing (Record no. 340385)

MARC details
000 -LEADER
fixed length control field 00510nam a2200169Ia 4500
008 - FIXED-LENGTH DATA ELEMENTS--GENERAL INFORMATION
fixed length control field 230718s9999 xx 000 0 und d
020 ## - INTERNATIONAL STANDARD BOOK NUMBER
International Standard Book Number 9781107038608
041 ## - LANGUAGE CODE
Language code of text/sound track or separate title eng
082 ## - DEWEY DECIMAL CLASSIFICATION NUMBER
Classification number 621.382'2
Item number VET
100 ## - MAIN ENTRY--PERSONAL NAME
Personal name Vetterli M.
9 (RLIN) 166831
245 ## - TITLE STATEMENT
Title Foundations Of Signal Processing
260 ## - PUBLICATION, DISTRIBUTION, ETC. (IMPRINT)
Date of publication, distribution, etc. 2014
Name of publisher, distributor, etc. Cambridge
300 ## - PHYSICAL DESCRIPTION
Extent 715
Accompanying material [OBSOLETE, CAN/MARC] Ref 1643 E ME (51592)
365 ## - TRADE PRICE
Currency code Rs.
Price amount 4716.00
700 ## - ADDED ENTRY--PERSONAL NAME
Personal name Vetterli M.; Kovacevic J. & Goyal V.K.
9 (RLIN) 197946
906 ## - LOCAL DATA ELEMENT F, LDF (RLIN)
d O:0468618-Sep-2015B:201305-Aug-2015
c ME ETC
b 1179
Holdings
Withdrawn status Lost status Source of classification or shelving scheme Reference No Damaged status Not for loan Home library Current library Date acquired Vendor Budget Code Cost, normal purchase price Bill number Full call number Barcode Date last seen Discount Cost, replacement price Bill Date Koha item type Original Barcode
    Dewey Decimal Classification Ref 1643 E (51592)   Reference Cummins College of Engineering for Women Pune Cummins College of Engineering for Women Pune 18/09/2015 Vaibhav Book House ME ETC 3537.00 2013 621.382'2 CCEP-BK-51592 18/07/2023 1179 4716.00 05/08/2015 Books 051592